2002 Super Rugby Final - Crusaders Starting XV - Statistics

General Stats
  • This quiz has been taken 39 times
  • The average score is 13 of 15
Answer Stats
Position Player % Correct
10 Andrew Mehrtens
100%
7 Richard McCaw
97%
1 Greg Somerville
94%
9 Justin Marshall
94%
6 Reuben Thorne
94%
12 Aaron Mauger
90%
11 Caleb Ralph
84%
4 Chris Jack
84%
15 Leon MacDonald
81%
2 Mark Hammett
81%
8 Scott Robertson
81%
3 Greg Feek
77%
5 Norm Maxwell
77%
14 Marika Vunibaka
71%
13 Mark Robinson
61%
No matching quizzes found
Score Distribution
Percent of People with Each Score
Percentile by Number Answered
Your Score History
You have not taken this quiz